Classes in SCP: Secret Laboratory - Statistics

General Stats
  • This quiz has been taken 451 times
  • The average score is 8 of 16
Answer Stats
What the class does Answer % Correct
Escape to become MTF Scientist
81%
Escape to become Chaos Insurgency Class-D
76%
Kill everyone, can only move when people blink SCP-173
71%
Kill everyone, can turn people into zombies SCP-049
70%
Kill everyone, can be enraged and can break down doors SCP-096
66%
Kill everyone, can go through doors SCP-106
66%
Kill everyone, is a zombie of SCP-049 SCP-049-2
61%
Kill everyone, sees with sound SCP-939
61%
Kill everyone, can open/close doors and talk to people SCP-079
58%
Evacuate Class-D, wave spawn Chaos Insurgency
55%
Evacuate Scientists, spawns at start of round Facility Guard
42%
Mobile Task Force's highest rank MTF Commander
28%
Mobile Task Force's lowest rank MTF Cadet
26%
Mobile Task Force MTF Lieutenant
19%
Mobile Task Force MTF Scientist
14%
Mobile Task Force MTF Guard
7%
No matching quizzes found
Score Distribution
Percent of People with Each Score
Percentile by Number Answered
Your Score History
You have not taken this quiz